[Event "USA-ch13 prel 02 corr"]
[Site "USA"]
[Date "1996.06.24"]
[Round "?"]
[White "Brooke, Robert"]
[Black "Wood, Eddie Ray"]
[Result "1/2-1/2"]
[WhiteElo "2190"]
[BlackElo "2045"]
[PlyCount "38"]
[EventDate "1996.??.??"]
[EventType "tourn (corr)"]
[EventRounds "9"]
[EventCountry "USA"]
[SourceTitle "Corr 2006"]
[Source "ChessBase"]
[SourceDate "2006.04.01"]
[SourceVersion "3"]
[SourceVersionDate "2006.04.01"]
[SourceQuality "1"]

1. e4 e5 2. f4 exf4 3. Bc4 Nf6 4. Nc3 c6 5. Nf3 b5 6. Bb3 b4 7. Ne2 Nxe4 8. d3 Nc5 9. Bxf4 d5 10. 0-0 Be7 11. c3 Ba6 12. Bc2 Ne6 13. Be3 bxc3 14. bxc3 0-0 15. d4 Nd7 16. Bd3 Qa5 17. Bxa6 Qxa6 18. Qd2 Rab8 19. Ng3 Rb6 1/2-1/2

[Event "USA-ch13 prel 02 corr"]
[Site "USA"]
[Date "1996.06.24"]
[Round "?"]
[White "Wood, Eddie Ray"]
[Black "Shea, Quinlan"]
[Result "1/2-1/2"]
[WhiteElo "2045"]
[BlackElo "2210"]
[PlyCount "59"]
[EventDate "1996.??.??"]
[EventType "tourn (corr)"]
[EventRounds "9"]
[EventCountry "USA"]
[SourceTitle "Corr 2006"]
[Source "ChessBase"]
[SourceDate "2006.04.01"]
[SourceVersion "3"]
[SourceVersionDate "2006.04.01"]
[SourceQuality "1"]

1. e4 c5 2. Nf3 Nc6 3. d4 cxd4 4. Nxd4 Nf6 5. Nc3 e5 6. Ndb5 d6 7. Bg5 a6 8. Na3 b5 9. Bxf6 gxf6 10. Nd5 f5 11. Bd3 Be6 12. 0-0 Bxd5 13. exd5 Ne7 14. c3 Bg7 15. Qh5 e4 16. Bc2 Qc8 17. Rae1 0-0 18. Kh1 Ng6 19. Bb1 Re8 20. f4 exf3 21. Qxf3 Rxe1 22. Rxe1 f4 23. Bxg6 hxg6 24. Qxf4 Be5 25. Qe4 Qc5 26. Nc2 Kg7 27. Nd4 b4 28. Nf3 bxc3 29. Nxe5 Re8 30. Qc2 1/2-1/2